|
|
|
|
| LEADER |
01021nam a2200265 a 4500 |
| 001 |
37930 |
| 003 |
BD-DhAAL |
| 005 |
20220306140116.0 |
| 008 |
220306t1989 nyua 001 0 eng d |
| 999 |
|
|
|c 43662
|d 43662
|
| 010 |
|
|
|a 89060195
|
| 020 |
|
|
|a 0879755156
|
| 040 |
|
|
|a DLC
|c DLC
|d DLC
|d BD-DhAAL
|
| 050 |
0 |
0 |
|a PN6261
|b .T668 1989
|
| 082 |
0 |
0 |
|a 818.02
|2 20
|
| 245 |
0 |
2 |
|a A treasury of humor :
|b an indexed collection of anecdotes /
|c compiled by Eric W. Johnson ; illustrations by Howard S.L. Coale.
|
| 260 |
|
|
|a Buffalo, N.Y. :
|b Prometheus Books,
|c c1989.
|
| 300 |
|
|
|a 269 pages :
|b illustrations ;
|c 24 cm.
|
| 541 |
|
|
|a Donated by Akbar Ali Khan
|e 37930
|
| 650 |
|
0 |
|a Anecdotes.
|9 46411
|
| 650 |
|
0 |
|a Wit and humor.
|9 46412
|
| 700 |
1 |
|
|a Johnson, Eric W.
|9 46413
|
| 852 |
|
|
|a Ayesha Abed Library
|c Akbar Ali Khan Collection
|
| 942 |
|
|
|2 ddc
|c BK
|
| 952 |
|
|
|0 0
|1 0
|2 ddc
|4 0
|6 818_020000000000000_TRE
|7 1
|9 69993
|a BRACUL
|b BRACUL
|c AAKC
|d 2022-03-06
|e Donated by Akbar Ali Khan
|l 0
|o 818.02 TRE
|p 3010037930
|r 2022-03-06
|t 1
|w 2022-03-06
|y BK
|